000 00496cam a2200169ua 4500
001 8999
008 180308n II |||gr||||Z||||||asm
040 _aMAIN
041 _aEnglish
082 _a920 BOR
100 _aBORA,MAMONI (ed./).
245 _aSINGHA PURUSH MANIRAM DEWN :SWAHID MANIRAM DEWANAR 200 YEAR JANMA SUWARANI GANTHA
260 _aCHARING,SIBSAGAR:
_bCELEBRATION COMMITEE,SMD COLLEGE.,
_c2007.
300 _a194:
_c21CM.
653 _aBiography, genealogy & insignia
942 _cBK
999 _c8975
_d8975